NTA UGC NET/ SET /JRF teaching and research aptitude : (Record no. 170020)

MARC details
000 -LEADER
fixed length control field 00674nam a22001817a 4500
005 - DATE AND TIME OF LATEST TRANSACTION
control field 20191210122329.0
010 ## - LCCN (DPL NO)
LC control number ENG-127047
020 ## - INTERNATIONAL STANDARD BOOK NUMBER
Terms of availability 250.00
International Standard Book Number 9789389588996
035 ## - SYSTEM CONTROL NUMBER
System control number EN-110579
037 ## - SOURCE OF ACQUISITION
Source of stock number/acquisition DBAD/PUB
082 ## - DEWEY DECIMAL CLASSIFICATION NUMBER
Classification number 000
100 ## - MAIN ENTRY--PERSONAL NAME
Personal name Madaan, KVS
245 ## - TITLE STATEMENT
Title NTA UGC NET/ SET /JRF teaching and research aptitude :
Statement of responsibility, etc by Evi Nemeth ...[et al]
Remainder of title paper-1, previous year's solved papers 2012-2019 /
260 ## - PUBLICATION, DISTRIBUTION, ETC. (IMPRINT)
Place of publication, distribution, etc Noida
Name of publisher, distributor, etc Pearson India Education
Date of publication, distribution, etc 2020
270 ## - ADDRESS
Address 15th Floor, Tower-B, World Trade Tower, Plot No.1, Block-C, Sector 16
City Noida, Uttar Pradesh
Postal code 201301
Telephone number 044-66540100
300 ## - PHYSICAL DESCRIPTION
Extent ix;255p.
Dimensions 25cm(pbk)
942 ## - ADDED ENTRY ELEMENTS (KOHA)
Source of classification or shelving scheme Dewey Decimal Classification
Item type English Books
Classification part 000
Call number suffix MAD
Holdings
Withdrawn status Lost status Not for loan Collection code Home library Current library Date acquired Source of acquisition Cost, normal purchase price Full call number Barcode Copy number Cost, replacement price Koha item type
      Non-fiction Andrews Gunj Andrews Gunj 10/12/2019 DBAD/PUB 250.00 000 MAD EN-110579 1 250.00 English Books

© Delhi Public Library
Hit Counter
free hit counter